000 00384nam a2200145Ia 4500
008 210210b1970 xxu||||| |||| 00| 0 eng d
082 _a530.02 TAYP
100 _aTAYLOR (John A).
245 _aProgramed study aid for introductory physics. P1 mechanics.
260 _aLondon
_bAddison-Wesley
_c1970
300 _a177,x
650 _aMechanics
690 _aPhysics
906 _a032491
999 _c83595
_d83595